| 000 | 00860cam a2200217 4500 | ||
|---|---|---|---|
| 001 | WB3923-09 | ||
| 008 | 030617n2003 000 0 eng u | ||
| 035 | _a(Sirsi) u122634 | ||
| 245 | _aHousing price fears recede | ||
| 260 | _c2003 | ||
| 490 |
_aRICS Press Release _v(pr060) 17 June 2003 (2) |
||
| 520 | _aFears earlier this year of a drop in house prices are receding as confidence in the market strengthens, according to the latest RICS "Housing market survey of England and Wales". http://www.rics.org/ricscms/bin/show?class=PressRelease&template=/includes/showpr.html&id=944 | ||
| 590 | _aWB | ||
| 650 | _aHOUSE PRICES | ||
| 650 | _aRICS HOUSING MARKET SURVEY ENGLAND AND WALES | ||
| 650 | _aCONFIDENCE | ||
| 650 |
_aSales _96269 |
||
| 650 | _aNEW BUYERS | ||
| 690 | _aPROPERTY-RESIDENTIAL PROPERTY-RESIDENTIAL PROPERTY MARKET | ||
| 942 | _n0 | ||
| 999 |
_c72872 _d72872 |
||